| 000 | 00904cas a2200301u 4500 | ||
|---|---|---|---|
| 999 |
_c18526 _d18526 |
||
| 001 | 7489309 | ||
| 003 | BDDh-ASL | ||
| 005 | 20231015025719.0 | ||
| 008 | 830505m19609999e |||||||||||| ||eng| | ||
| 010 | _a 60011589 | ||
| 040 |
_aDLC _cCarP _dBDDh-ASL |
||
| 043 |
_aa-ce--- _aa-ii--- _aa-pk--- |
||
| 050 | 0 | 0 |
_aDS335 _b.S6 |
| 082 |
_a954 _bSOU |
||
| 245 | 0 | 0 |
_aSouth Asian affairs: _bVol-1/ _cedited by Raghavan Iyer. |
| 260 |
_aLondon: _bChatto & Windus, _c1960. |
||
| 300 |
_av-1, 155 p. : _c23 cm. |
||
| 310 | _aSeries entry | ||
| 500 | _aSerial. | ||
| 590 | _aPREMARC/SERLOC merged record | ||
| 651 | 0 | _aPakistan. [from old catalog] | |
| 651 | 0 | _aIndia. | |
| 651 | 0 | _aSri Lanka. | |
| 700 | 1 |
_aIyer, Raghavan, _d1930-1986, _eed. |
|
| 830 | 0 |
_aSt. Antony's papers (United States) _vno. 8 [etc.] [from old catalog] |
|
| 906 |
_a0 _bcbc _cserprem _du _encip _f19 _gy-gencatlg |
||
| 942 |
_2ddc _cBK |
||